Management across cultures : insights from fiction and practice /
This book contains three parts: Making Sense of the Cross-Cultural Experience, Managing Within Different Cultures, and Managing Globally Across Cultures.
Đã lưu trong:
| Tác giả chính: | |
|---|---|
| Định dạng: | Sách |
| Ngôn ngữ: | English |
| Được phát hành: |
Cambridge, Mass. :
Blackwell Business,
1996.
|
| Những chủ đề: | |
| Các nhãn: |
Thêm thẻ
Không có thẻ, Là người đầu tiên thẻ bản ghi này!
|
| Thư viện lưu trữ: | Mạng thư viện Đại học Đà Nẵng |
|---|
| LEADER | 01194cam a2200361 i 4500 | ||
|---|---|---|---|
| 001 | 000047850 | ||
| 003 | 7544 | ||
| 005 | 20030312141823.0 | ||
| 008 | 010321|1996 vm 000 eng | ||
| 020 | |a 1557866732 | ||
| 040 | |a IRC |c IRC |d IRC | ||
| 041 | 0 | |a eng | |
| 082 | 1 | 4 | |a 658.4 |b PU-S |
| 100 | 1 | |a Puffer, Sheila M. | |
| 245 | 0 | 0 | |a Management across cultures : |b insights from fiction and practice / |c Sheila M. Puffer ; foreword by Alfred Zeien. |
| 260 | |a Cambridge, Mass. : |b Blackwell Business, |c 1996. | ||
| 300 | |a xiv, 442 p. : |b ill. ; |c 23cm. | ||
| 520 | 3 | |a This book contains three parts: Making Sense of the Cross-Cultural Experience, Managing Within Different Cultures, and Managing Globally Across Cultures. | |
| 630 | 0 | 4 | |a Business. |
| 630 | 0 | 4 | |a Management. |
| 650 | 0 | 4 | |a Management |x Cross-cultural studies. |
| 650 | 0 | 4 | |a International business enterprises |x Management |x Social aspects. |
| 650 | 0 | 4 | |a Intercultural communication. |
| OWN | |a DUT | ||
| 999 | |a From the UDN01 | ||
| TYP | |a Monograph | ||
| TYP | |a Printed language | ||
| 980 | |a Mạng thư viện Đại học Đà Nẵng | ||


